000 01102nam a22002657a 4500
003 OSt
005 20250403101934.0
008 240910b ||||| |||| 00| 0 eng d
040 _c0
082 _aDPer 621.317 Ie21 December 2022 v.37 n. 12 part 1&2.
100 _aXu, Bin.
_eauthoir.
_960553
245 _aComponent-level semiconductor loss balancing for igbt based high power mmc through insertion index modification /
_cBin Xu, Li Tu, Shaoyan Gong, Chong Gao, and Zhiyuan He,
260 _aNew York ;
_bThe Institute of Electrical and Electronics Engineers, Inc.,
_cDecember 2022.
300 _avolume 37, pages 14781-14794,
_billustration.
500 _aIEEE Transactions on Power Electronics, v. 37 n. 12, pages 14781-14794, December 2022.
650 0 _aConduction loss.
_966140
650 0 _ainsertion index.
_966141
650 0 _aloss balancing.
_966142
700 _aXu, Bin.
_eauthor.
_960553
700 _aTu, Li.
_eauthor.
_960554
700 _aGong, Shaoyan.
_eauthor.
_960555
700 _aGao, Chong.
_eauthor.
_960556
700 _aHe, Zhiyuan.
_eauthor.
_960557
942 _2ddc
_cPER
999 _c21450
_d21450